01366nam a2200289Ia 4500001001200000003000800012006001900020007001500039008004100054010001700095040002100112035002100133050002200154110006800176245025600244260005600500300003100556490005800587533015200645650001300797650001400810655002900824710001700853830006300870856012600933999001701059ebr10071503CaPaEBRm u cr cn|||||||||751212s1956 dcuac s 000 0 eng d z 56060081  aCaPaEBRcCaPaEBR a(OCoLC)84435084414aTA670b.N3 1956eb2 aNational Research Council (U.S.).bBuilding Research Institute.10aModern masonryh[electronic resource] :bnatural stone and clay products : the edited papers and discussions of a research correlation conference [...] /cconducted by the Building Research Institute in Washington, D. C., on September 19 and 20, 1956. aWashington :bNational Academy of Sciences,c[1956] avi, 163 p. :bill., ports.1 aPublication (National Research Council (U.S.)) ;v466 aElectronic reproduction.bPalo Alto, Calif. :cebrary,d2009.nAvailable via World Wide Web.nAccess may be limited to ebrary affiliated libraries. 0aMasonry. 0aBuilding. 7aElectronic books.2local2 aebrary, Inc. 0aPublication (National Research Council (U.S.)) ;vno. 466.40uhttp://site.ebrary.com/lib/rucke/Doc?id=10071503zAn electronic book accessible through the World Wide Web; click to view c33342d33342